[Event "Mittelrhein Verbandsliga-S 18/19"]
[Site "Nordrheinwestfalen"]
[Date "2018.12.16"]
[Round "5.8"]
[White "Stollreiter, Marc"]
[Black "Winckler, Andreas"]
[Result "1/2-1/2"]
[WhiteElo "1312"]
[BlackElo "1741"]
[PlyCount "58"]
[EventDate "2018.09.02"]
[EventType "team-tourn"]
[EventRounds "11"]
[EventCountry "GER"]
[SourceTitle "EXT 2022"]
[Source "ChessBase"]
[SourceDate "2021.10.06"]
[SourceVersion "1"]
[SourceVersionDate "2021.10.06"]
[SourceQuality "1"]
[WhiteTeam "Koeln Lasker III"]
[BlackTeam "Bergische SF II"]
[WhiteTeamCountry "GER"]
[BlackTeamCountry "GER"]

1. d4 Nf6 2. c4 g6 3. Nc3 Bg7 4. e4 d6 5. Nf3 0-0 6. Be2 Nbd7 7. 0-0 Re8 8. Bg5 h6 9. Bd2 e5 10. d5 Nf8 11. h3 Nh5 12. Qc1 Kh7 13. g4 Nf4 14. Bxf4 exf4 15. Qxf4 g5 16. Qd2 Ng6 17. Qe3 f5 18. Nd2 fxg4 19. Bxg4 Be5 20. Bh5 Rf8 21. Bxg6+ Kxg6 22. Kg2 Bd7 23. Rab1 g4 24. hxg4 Bxg4 25. f4 Bg7 26. Qg3 h5 27. Nf3 Qf6 28. Nh4+ Kh7 29. Rf2 Qe7 1/2-1/2